Éléments d'analyse du discours (notice n° 1567321)
[ vue normale ]
| 000 -LEADER | |
|---|---|
| fixed length control field | 01327cam a2200133 4500500 |
| 005 - DATE AND TIME OF LATEST TRANSACTION | |
| control field | 20251214002704.0 |
| 041 ## - LANGUAGE CODE | |
| Language code of text/sound track or separate title | fre |
| 042 ## - AUTHENTICATION CODE | |
| Authentication code | dc |
| 100 10 - MAIN ENTRY--PERSONAL NAME | |
| Personal name | Sarfati, Georges-Elia |
| Relator term | author |
| 245 00 - TITLE STATEMENT | |
| Title | Éléments d'analyse du discours |
| 260 ## - PUBLICATION, DISTRIBUTION, ETC. | |
| Name of publisher, distributor, etc. | Armand Colin,<br/> |
| Date of publication, distribution, etc. | 2019.<br/> |
| 520 ## - SUMMARY, ETC. | |
| Summary, etc. | Depuis la fin des années 1960, s’est constituée, dans le champ des sciences du langage, une discipline spécifique prenant pour objet le « discours ». Cet ouvrage définit la notion, en opposition avec celle de langue, de parole, de texte, etc. Il familiarise le lecteur avec les principaux outils de l’analyse du discours en présentant le fonds théorique et méthodologique commun au domaine. Après avoir situé l’analyse du discours par rapport à la tradition linguistique issue de Saussure, l’auteur développe les principaux concepts descriptifs et les différents niveaux d’organisation du discours. Il montre comment l’analyse intègre les données de la théorie de l’énonciation. Enfin, la problématique de l’analyse du discours est mise en perspective par rapport aux enjeux épistémologiques et philosophiques qui traversent l’évolution de la discipline depuis ses origines. |
| 856 41 - ELECTRONIC LOCATION AND ACCESS | |
| Uniform Resource Identifier | <a href="https://shs.cairn.info/elements-d-analyse-du-discours--9782200624514?lang=fr&redirect-ssocas=7080">https://shs.cairn.info/elements-d-analyse-du-discours--9782200624514?lang=fr&redirect-ssocas=7080</a> |
Pas d'exemplaire disponible.




Réseaux sociaux